000 01002nam a2200241 i 4500
001 188472
003 SpMaBN
005 20250921063041.0
008 181121s1999 sp |||| | spa d
020 _a84-7672-926-X
080 _a821.111-31"18"
100 1 _aDoyle, Arthur Conan,
_cSir,
_d1859-1930
_945552
245 1 4 _aLas aventuras de Sherlock Holmes /
_cA. Conan Doyle ; traducción, Enrique Campbell ; prólogo y presentación, Francesc Ll. Cardona ; [nota preliminar, Jorge A. Sánchez].
260 _aBarcelona :
_bEdicomunicación,
_c[1999]
300 _a318 p. ;
_c19 cm.
490 1 _aColección cultura ;
_v26
594 _aCarece del prólogo y presentación anunciados en port., de Francesc Ll. Cardona ; Con nota preliminar de Jorge A. Sánchez.
700 1 _aCampbell, Enrique.
_9165619
830 0 _aColección cultura ;
_v26
_9225696
852 _aES-MaACL
_jA-14279
_9195602
_bR.152161
_cDEPO1
_dOlim: N-7279
942 _2udc
_cMONOGRAFIA
999 _c188472
_d188472